[Event "Nordic-ch Seniors"]
[Site "Sarpsborg"]
[Date "2019.06.25"]
[Round "7"]
[White "Stabbetorp, Hans M"]
[Black "Thorvlaksson, Baldvin"]
[Result "1/2-1/2"]
[WhiteElo "1767"]
[BlackElo "1523"]
[PlyCount "52"]
[EventDate "2019.06.21"]
[EventType "swiss"]
[EventRounds "9"]
[EventCountry "NOR"]
[SourceTitle "EXT 2020"]
[Source "ChessBase"]
[SourceDate "2019.10.17"]
[SourceVersion "1"]
[SourceVersionDate "2019.10.17"]
[SourceQuality "1"]

1. d4 Nf6 2. Nf3 e6 3. Bf4 d5 4. Nbd2 Bd6 5. Bxd6 cxd6 6. e3 0-0 7. Be2 Re8 8. 0-0 b6 9. Rc1 Bb7 10. Bb5 Re7 11. c3 Na6 12. Qa4 Nc7 13. Be2 Qd7 14. Qb3 Ne4 15. Nxe4 dxe4 16. Nd2 f5 17. c4 Kh8 18. Rfd1 Qe8 19. c5 dxc5 20. dxc5 Nd5 21. Nc4 bxc5 22. Nd6 Qd7 23. Nxb7 Qxb7 24. Qa3 Rc7 25. Rd2 Qb4 26. Qxb4 cxb4 1/2-1/2

[Event "Nordic-ch Seniors"]
[Site "Sarpsborg"]
[Date "2019.06.21"]
[Round "1"]
[White "Thorvlaksson, Baldvin"]
[Black "Kirppo, Ronny"]
[Result "0-1"]
[WhiteElo "1523"]
[BlackElo "1910"]
[PlyCount "108"]
[EventDate "2019.06.21"]
[EventType "swiss"]
[EventRounds "9"]
[EventCountry "NOR"]
[SourceTitle "EXT 2020"]
[Source "ChessBase"]
[SourceDate "2019.10.17"]
[SourceVersion "1"]
[SourceVersionDate "2019.10.17"]
[SourceQuality "1"]

1. e4 c5 2. Nf3 Nc6 3. d4 cxd4 4. Nxd4 Nf6 5. Nc3 d6 6. Be2 e5 7. Nf3 h6 8. 0-0 Be6 9. Be3 Be7 10. a3 0-0 11. h3 Rc8 12. Bd3 a6 13. Qe2 Na5 14. Nd2 d5 15. exd5 Nxd5 16. Nxd5 Qxd5 17. f4 exf4 18. Bxf4 b5 19. Qe4 Qxe4 20. Nxe4 Rfd8 21. Nd2 Bc5+ 22. Kh1 Bd4 23. Rfb1 Nc4 24. Nxc4 Bxc4 25. Be4 Bd5 26. Bxd5 Rxd5 27. c3 Bf6 28. Rf1 Kh7 29. Rad1 Rcd8 30. Rxd5 Rxd5 31. Kg1 g5 32. Bc1 Kg6 33. Kh1 Be5 34. Kg1 Bg3 35. Be3 Be5 36. Kf2 f5 37. Ke2 f4 38. Bf2 Kf5 39. Rd1 Rxd1 40. Kxd1 Ke4 41. Ke2 h5 42. Be1 a5 43. Bd2 a4 44. Be1 Bf6 45. Bf2 g4 46. hxg4 hxg4 47. Be1 Bg5 48. Bf2 f3+ 49. gxf3+ gxf3+ 50. Kd1 Kd3 51. Bd4 Bh4 52. Kc1 f2 53. Bxf2 Bxf2 54. Kd1 Be3 0-1